[Event "Wakefield 4NCL op-B 13th"]
[Site "Wakefield"]
[Date "2017.04.09"]
[Round "4.20"]
[White "France, John M"]
[Black "Graham, Neil"]
[Result "1-0"]
[WhiteElo "1598"]
[BlackElo "1804"]
[PlyCount "45"]
[EventDate "2017.04.07"]
[EventType "swiss"]
[EventRounds "5"]
[EventCountry "ENG"]
[SourceTitle "EXT 2023"]
[Source "ChessBase"]
[SourceDate "2022.10.05"]
[SourceVersion "1"]
[SourceVersionDate "2022.10.05"]
[SourceQuality "1"]

1. d4 d5 2. e4 dxe4 3. Nc3 Nf6 4. f3 exf3 5. Nxf3 c6 6. Bc4 b5 7. Bd3 Bg4 8. Be3 e6 9. 0-0 Nd5 10. Nxd5 Qxd5 11. Qe1 Bxf3 12. Rxf3 Be7 13. Qg3 g6 14. c3 Nd7 15. a4 bxa4 16. Rxa4 Qb3 17. Rc4 Rc8 18. d5 exd5 19. Rcf4 Bd6 20. Bd4 0-0 21. Qh3 Bxf4 22. Rxf4 c5 23. Qxh7+ 1-0